000 00411pab a2200169 454500
008 180718b2011 xxu||||| |||| 00| 0 eng d
100 _aJefferson, Therese
245 _aMichal Kalecki and critical realism
260 _c2011
300 _ap.957-972.
362 _aSep
650 _aKalecki, Michal
700 _aKing, John E.
773 _aCambridge Journal of Economics
908 _aN
909 _a93300
999 _c93300
_d93300